Statistics for All 10k+ Cities in Sweden with a Map (extreme)

Click here to take the quiz!

General Stats

  • This quiz has been taken 991 times
  • The average score is 60 of 125

Answers on the Map

Answers color-coded by a green-red scale on the quiz's map according to % correct below.
 

Answer Stats

PopulationCity% Correct
1,758,893Stockholm
99%
651,014Göteborg
97%
321,845Malmö
97%
166,049Uppsala
92%
90,812Umeå
90%
97,979Norrköping
88%
117,898Linköping
87%
112,496Helsingborg
86%
100,299Jönköping
86%
94,006Lund
86%
125,817Örebro
86%
48,749Luleå
85%
41,110Kalmar
84%
127,799Västerås
83%
24,693Visby
81%
77,699Gävle
80%
68,558Karlstad
78%
17,642Kiruna
78%
58,955Sundsvall
77%
53,996Östersund
76%
70,489Växjö
76%
80,901Borås
75%
75,068Södertälje
72%
75,902Eskilstuna
71%
40,663Falun
69%
70,480Halmstad
69%
37,166Karlskrona
67%
41,300Kristianstad
66%
23,417Piteå
66%
36,142Skellefteå
66%
19,904Ystad
65%
50,300Trollhättan
64%
45,129Borlänge
62%
30,668Trelleborg
62%
21,615Norrtälje
58%
33,546Nyköping
58%
18,804Köping
56%
35,782Varberg
56%
18,679Boden
55%
27,675Lidköping
55%
12,858Mora
54%
33,436Örnsköldsvik
54%
18,785Oskarshamn
53%
20,388Karlshamn
52%
36,121Uddevalla
51%
24,493Enköping
50%
27,813Falkenberg
50%
21,441Västervik
50%
33,308Landskrona
49%
31,400Motala
49%
15,066Nynäshamn
49%
39,210Skövde
49%
10,638Gällivare
47%
16,569Hudiksvall
47%
23,747Kungsbacka
47%
18,624Härnösand
46%
44,232Lidingö
46%
25,560Sandviken
46%
12,326Söderhamn
45%
19,698Eslöv
44%
24,095Vänersborg
44%
29,027Ängelholm
43%
27,881Karlskoga
43%
13,000Ronneby
43%
16,611Mariestad
42%
10,486Timrå
42%
19,540Hässleholm
41%
13,914Mjölby
41%
18,417Nässjö
41%
19,741Värnamo
41%
27,501Alingsås
40%
17,914Falköping
40%
13,932Bollnäs
39%
24,467Katrineholm
39%
11,664Skara
39%
14,540Arvika
38%
12,680Höör
38%
18,730Kristinehamn
38%
26,193Kungälv
38%
10,932Arboga
36%
17,161Kumla
36%
13,605Sala
36%
15,753Ludvika
35%
15,795Höganäs
34%
29,433Märsta
34%
14,372Strängnäs
34%
13,743Vetlanda
34%
16,399Avesta
33%
16,094Ljungby
33%
16,124Staffanstorp
33%
33,331Vallentuna
33%
36,275Åkersberga
32%
11,627Oxelösund
32%
42,628Tumba
32%
10,756Eksjö
31%
13,654Lomma
31%
13,532Nybro
31%
10,341Åhus
30%
28,282Lerum
30%
13,840Stenungsund
30%
14,839Tranås
30%
11,443Ulricehamn
30%
18,339Mölnlycke
29%
10,714Älmhult
28%
15,318Bålsta
28%
10,404Gislaved
28%
11,909Fagersta
27%
11,383Hallstahammar
27%
13,402Finspång
26%
15,373Kinna
26%
23,972Gustavsberg
25%
12,618Svedala
25%
12,341Ekerö
22%
15,618Höllviken - Ljunghusen
22%
12,446Onsala
22%
14,447Skoghall
22%
18,975Västerhaninge
21%
10,538Åstorp
20%
11,279Bjuv
20%
13,302Oxie
19%
12,057Kungsängen
18%
22,923Torslanda
18%
14,437Bunkeflostrand
16%
11,723Jordbro
15%
11,467Nödinge-Nol
13%

Score Distribution

Percentile by Number Answered

Percent of People with Each Score

Your Score History

You have not taken this quiz